000 00564nam a2200229Ia 4500
003 OSt
005 20220918213037.0
006 a|||||r|||| 00| 0
007 ta
008 220917b |||||||| |||| 00| 0 eng d
024 _a131,256
037 _cTextual
040 _aARTS
_cARTS
_beng
041 _2eng
_aeng
082 _aX:8, K13 (SD)
100 _aLikert Rensis
_9125558
245 0 _aNew patterns of management
260 _c1961
650 _aECONOMICS
942 _hX:8, K13 (SD)
_cTEXL
_2CC
999 _c254379
_d254379